The Little Mermaid "Part of Your World" Fill in the Blank Lyrics - Statistics

General Stats
  • This quiz has been taken 258 times
  • The average score is 35 of 44
Answer Stats
Hint Answer % Correct
Wouldn't you think my collection's ________? complete
98%
Isn't it ____? neat
96%
The ____ who has everything? girl
95%
I wanna be where the ______ are people
91%
And ready to know what the ______ know people
91%
Look at this _____ stuff
91%
No big ____ deal
90%
Oh, ____ feet
90%
I want _____ more
90%
_______ around on those, what do you call 'em? walking
90%
I _____ see, _____ see 'em dancin' wanna, wanna
90%
Sure, she's got __________ everything
88%
Wouldn't you think _'_ ___ ____ I'm the girl
87%
____ of that _____ Part, world
86%
____ of that _____ Part, world
86%
But who _____? cares
85%
I've got _______ and gizmos a-plenty gadgets
85%
I've got whozits and whatzits ______ galore
85%
Flippin' your____, you don't get too far fins
83%
_________ untold Treasures
83%
You ____ thingamabobs? want
83%
______ Street
82%
I've got ______! twenty
82%
Wanderin' ____, wish I could be free
80%
Looking around here you'd _____ think
80%
Up where they ____ all day in the ___ stay, sun
78%
Up where they ____, up where they ___ walk, run
78%
Bet they don't reprimand their _________ daughters
76%
Legs are required for _______, _______ jumping, dancing
75%
Ask 'em my _________ and get some answers questions
74%
When's it my ____? turn
73%
Bet'cha on land they __________ understand
73%
What would I pay to _____ a day warm on the ____? spend, sand
72%
_________ along down the, what's that word again? Strolling
72%
Bright _____ women, ____ of swimmin' young, sick
72%
____ I could be Wish
71%
What would I ____ if I could live out of these ______? give, waters
69%
Look at this _____ trove
69%
____? Burn
68%
What's a ____ and why does it, what's the ____? fire, word
67%
Ready to _____ stand
67%
How many _______ can one ______ hold? wonders, cavern
67%
Wouldn't I love, love to _______ that _____ up above? explore, shore
59%
___ of the ___ Out, sea
59%
No matching quizzes found
Score Distribution
Percent of People with Each Score
Percentile by Number Answered
Your Score History
You have not taken this quiz